План казенной оброчной пустоши Сулицино внутри дачи села Ветвенник с деревнями Ветвенницкой губы Гдовского уезда Санкт-Петербург...

Доступно только в Электронных читальных залах Найти на картеНа карте
RUSMARC
00003672nmc2a22000003x 450
001930e7c77-faa9-4694-a262-0df8ad1af1f4
00520191120100157.0
100##$a20170113l18101810k l0rusy0189 ca
1010#$arus
102##$aRU
2001#$aПлан казенной оброчной пустоши Сулицино внутри дачи села Ветвенник с деревнями Ветвенницкой губы Гдовского уезда Санкт-Петербургской губернии
$j1810 г.
251##$cДело
801#0$aRU
$bРГИА
$c20170113
$gRCR
801#1$aRU
$bГлавНИВЦ
$c20170113
$2rusmarc
801#2$aRU
$bПБ им. Б.Н. Ельцина
$c20191120
$gRCR
$2rusmarc
850##$aРГИА
852##$aРГИА
$eФедеральное казенное учреждение "Российский государственный исторический архив" (РГИА)
$j322
937##$hРГИА
$d12254842
$aASBIBLIO_SCAN
462#0$1001c9a41435-d21c-4ba9-a75c-9547afdd7617
$12001
$aКарты и планы казенных и частных земель и лесов по Санкт-Петербургской губернии
$1251
$cОпись
$1852
$j29
461#0$100126e99e9d-b562-464e-a273-fbb2bdfe5ec7
$12001
$aПлановый архив Министерства земледелия (1837-1918)
$1251
$cФонд
$1852
$j380
215##$a1 л.
$cплан.
$d36,5х49,5 см
371##$aДокумент не является опубликованным и широко распространяемым
105##$ae###
1222#$ad
035##$a930e7c77-faa9-4694-a262-0df8ad1af1f4
856##$uhttp://readingroom.main.prlib.ru/item.aspx?id_node=n135278538&mode=full
Формат отображения